[Event "EU-ch 6th"]
[Site "Warsaw"]
[Date "2005.06.30"]
[Round "12"]
[White "Perunovic, Milos"]
[Black "Khmelniker, Ilya"]
[Result "0-1"]
[WhiteElo "2549"]
[BlackElo "2458"]
[Annotator "Mikhalevski,V"]
[PlyCount "61"]
[EventDate "2005.06.18"]
[EventType "swiss"]
[EventRounds "13"]
[EventCountry "POL"]
[SourceTitle "CBM 108"]
[Source "ChessBase"]
[SourceDate "2005.09.26"]
[SourceVersion "1"]
[SourceVersionDate "2005.09.26"]
[SourceQuality "1"]

1. e4 e5 2. Nf3 Nc6 3. Bb5 a6 4. Ba4 Nf6 5. O-O Nxe4 6. d4 b5 7. Bb3 d5 8. dxe5
Be6 9. Be3 Be7 10. c3 O-O 11. Nbd2 Qd7 12. Bc2 (12. Re1 {would transpose to
the game Ehlvest,J-Mikhalevski,V, Global Chess Challenge, Minneapolis 2005/
CBM108 [Mikhalevski,V].} Rad8) 12... f5 13. exf6 Nxf6 14. Qb1 {A typical idea
in these positions. White takes control over the b1-h7-diagonal and prepares
Ng5.} (14. Re1 Bd6 15. Nf1 Bf5 16. Ng3 Bxg3 17. hxg3 Rae8 $11 {1-0 Frolov,
A-Mikhalevski,V/Kiev 1995/CBM 51 (70)}) (14. h3 Bf5 15. Bxf5 Qxf5 16. Nb3 {
1-0 Kamsky,G-Piket,J/Monte Carlo 1995/CBM 46 ext (50) doesn't seem to create
serious problems for Black.}) 14... Kh8 {Freeing the g8-square for a retreat
of the light-squared bishop.} 15. Re1 {This move turns out to be a novelty and
as the game shows not a good one, though also in the earlier games White
hadn't succeeded to show any advantage.} ({Earlier White tested} 15. Nb3 Ng4
16. Nc5 Bxc5 17. Bxc5 Rxf3 18. gxf3 Nge5 $36 {0-1 Jurkovic,A-Korneev,O/Barbera
1995/EXT 97 (35). (35)}) (15. Bf4 Ne4 16. Be3 Nf6 17. Bg5 Bd6 18. Bh4 Rae8 (
18... Ng4 {transposes to Lanka,Z-Mikhalevski,V, Romania 1995. See below.}) 19.
a4 b4 20. Bd3 Ne5 21. Nxe5 Bxe5 22. Nf3 Bd6 23. cxb4 Ne4 $36 {0-1 Socko,
B-Krasenkow,M/Warsaw 2002/CBM 089 (52)}) (15. Bg5 Bd6 16. Bh4 Ng4 17. Bg3 Bxg3
18. hxg3 Bf5 $15 {1/2-1/2 Lanka,Z-Mikhalevski,V/Baile Herculane 1994/EXT 97 
(56)}) (15. Ng5 $6 {doesn't reach the goal in view of} Ng4 $1 {This brilliant
idea of I. Sokolov refutes 15. Ng5.} 16. Ngf3 (16. Nxh7 $2 Rf5 $1 $17 {[%csl
Rh7] 0-1 Ganguly,S-Nielsen,PH, FIDE-Wch k.o./ CBM102 [Postny].}) 16... Qd6 $1
17. Re1 Rxf3 $1 18. Nxf3 Nce5 {with a very strong attack in Almasi,Z-Sokolov,I,
Hoogeveens 1995/CBM46 [Wedberg]}) 15... Bd6 16. Nb3 {[%cal Gb3c5] White wants
to trade one of the bishops and so Black played} Bg4 $1 {[%cal Gg4f3] moving
it away from the attack.} 17. Nfd4 $2 {A serious inaccuracy after which White
has to fight for equality.} ({In case of} 17. Nc5 {Black simply retreats with
the queen.} Qc8 {and keeps the balance. Nevertheless it looks better than the
game.} ({But not} 17... Bxc5 18. Bxc5 Bxf3 $2 {[%cal Gd7g4]} 19. Bf5 $1 Qf7 20.
Bxf8 $16)) 17... Ne7 $1 {[%cal Gc7c5] Black retreats with the knight and
prepares c5 which underlines incorrectness of 17.Nfd4.} 18. f3 c5 $1 {A very
strong intermediate move, which came as a surprise for White.} ({White was
hoping for} 18... Bh5 19. Nf5 Nxf5 20. Bxf5 Qf7 21. Nc5 $14 {[%csl Re6][%cal
Ge3d4] with a slight edge for White.}) 19. fxg4 $2 {This mistake is already
decisive and allows Black to win the game in style.} (19. Ne2 $2 Qc7 $1 20. Bf4
(20. fxg4 $2 {is bad again this time in view of} Nxg4 21. Qc1 Bxh2+ 22. Kh1 Bg3
$19) 20... Bd7) ({Black is also fine after} 19. Nxc5 Bxc5 20. fxg4 Nxg4 {
but at least White is not getting mated.}) 19... cxd4 20. Bxd4 (20. Nxd4 {
Changes nothing:} Bxh2+ $1 21. Kxh2 ({White also doesn't seem to survive after
} 21. Kh1 Bg3 $1 {[%csl Rg4,Rh1]} 22. Re2 Nxg4 $19 {[%cal Gd7e8,Ge8h5]}) 21...
Nxg4+ 22. Kg1 Qd6) {[%tqu "En","","","","d6h2","",10]} 20... Bxh2+ $1 21. Kh1 (
{Also accepting the sacrifice doesn't save} 21. Kxh2 Nxg4+ 22. Kh3 $1 {
Probably the best defense, which however could only prolong the fight.} (22.
Kg3 Qd6+ 23. Kxg4 Rf4+ 24. Kg3 (24. Kh3 Qh6+ 25. Kg3 Qh4#) 24... Rxd4+ 25. Kf2
Rf8+ 26. Bf5 (26. Kg1 Rh4 $1 $19 {[%cal Gd6h2]}) 26... Rg4 $1 $19 {[%cal Gd6g3]
}) 22... Nf2+ 23. Kh2 Qd6+ 24. Kg1 Ng4 25. Be5 Nxe5 $17 {[%cal Ge5g4] and
Black is a pawn up with attack.}) 21... Qxg4 $1 {Now Black's attack is
unstoppable.} 22. Re3 (22. Kxh2 Qh4+ 23. Kg1 Ng4 24. Be5 Qf2+ 25. Kh1 Nf5 $1 {
[%csl Rh1][%cal Gf5g3]} 26. Bxf5 Rxf5 {[%cal Gf5h5] and White has nothing
better than to sacrifice a queen.} 27. Qxf5 Qxf5 $19) 22... Bg3 $1 {[%cal
Gg4h4,Gh4h2]} 23. Rxg3 Qxg3 24. Qe1 {White prevents immediate threats, but
finishes up an exchange and a pawn down.} Qxe1+ 25. Rxe1 Nc6 $19 {The rest
wasn't necessary.} 26. Bc5 Rfe8 27. Rd1 Ne4 28. Rxd5 Nxc5 29. Rxc5 Ne5 30. Nd4
Ng4 {[%cal Ge8e1]} 31. Ne6 {A very good perfomance of the young Israeli player
and another prove of toothlessness of this line.} 0-1

[Event "Minneapolis HB Global op"]
[Site "Minneapolis"]
[Date "2005.05.22"]
[Round "9"]
[White "Ehlvest, Jaan"]
[Black "Mikhalevski, Victor"]
[Result "1-0"]
[WhiteElo "2614"]
[BlackElo "2572"]
[Annotator "Mikhalevski,V"]
[PlyCount "131"]
[EventDate "2005.05.18"]
[EventType "swiss"]
[EventRounds "9"]
[EventCountry "USA"]
[SourceTitle "CBM 106"]
[Source "ChessBase"]
[SourceDate "2005.06.06"]
[SourceVersion "1"]
[SourceVersionDate "2005.06.06"]
[SourceQuality "1"]

1. e4 e5 2. Nf3 Nc6 3. Bb5 a6 4. Ba4 Nf6 5. O-O Nxe4 6. d4 b5 7. Bb3 d5 8. dxe5
Be6 9. Be3 Be7 10. c3 O-O 11. Re1 Qd7 12. Nbd2 Kh8 {An uncommon idea. A
detalied information about the move can be found in Ivanchuk-Krasenkow/CBM77
[Mikhalevski,V]} 13. Nxe4 dxe4 14. Qxd7 Bxd7 15. Nd2 $1 {An improvement upon
the earlier 15.e6 and 15.Red1.} ({After} 15. e6 {Black seems to hold:} Bxe6 16.
Bxe6 fxe6 17. Nd2 (17. Ng5 $5) 17... Ne5 18. Nxe4 Nd3 19. Re2 c5 20. f3 Kg8 $5
(20... c4 21. Nf2 Rad8 22. Nxd3 cxd3 23. Rd2 Rd5 24. Rad1 Rfd8 25. f4 Bf6 26.
g3 $16 {[%csl Rd3][%cal Gg1g2,Gg2f3,Gf3e4] 1/2-1/2 Ivanchuk,V-Krasenkow,M,
Leonid Stein mem(3)/CBM77 [Mikhalevski,V].}) 21. Nf2 Rfd8 22. Nxd3 Rxd3 23. Bf2
Kf7 24. Rae1 b4 $1 25. Rxe6 Bf6 $132 {1/2-1/2 Efimenko,Z-Mikhalevski,V, Biel
MTO 2001.}) (15. Red1 Rad8 16. Ng5 Nxe5 17. Nxe4 $14 {1/2-1/2 Gurevich,
G-Mikhalevski,A/Israel 1992/TD (50). (50)}) 15... Nxe5 16. Nxe4 $14 {[%csl Rc5]
It's clear that Ehlvest prepared this idea at home. Now thanks to the better
pawn structure and the weakness of the c5-square White is better.} a5 {[%cal
Ga5a4] This move took something like 40 minutes. During this long thought I
was considering a number of moves, but couldn't find a clear way to equality.
All my minor pieces and the a6-pawn get under attack and it's not easy to
decide which one of them either one of the rooks has to be moved. So I decided
to keep all the options open and to improve my pawn structure on the queen
side.} ({One correspondence game saw} 16... Rae8 $5 17. Rad1 Bg4 18. Rd5 (18.
f3 {leads to not a very clear endgame after} Bxf3 $5 19. gxf3 Nxf3+ 20. Kf1 f5
21. Nc5 Nxe1 22. Rxe1 f4 23. Bd4 Bxc5 24. Rxe8 Rxe8 25. Bxc5 $13) 18... Ng6 19.
Bc2 f5 $5 20. h3 Bxh3 21. gxh3 fxe4 22. Bxe4 Bd6 23. Bxg6 hxg6 24. Kg2 Rf5 25.
Red1 Kg8 {and Black equalized. 1/2-1/2 Onder,E-Roman,E/IECG 2002/Telechess CBM
99 (51). (50)}) ({Immediate} 16... Bc6 $5 {deserved attention.}) 17. Nc5 (17.
Bc5 $5 {[%csl Rc5] offering an exchange of the darksquared bishops also
deserved serious attention.} Rae8 ({Of course not} 17... Bxc5 $2 18. Nxc5 {
[%csl Rd7,Re5][%cal Gf2f4]}) 18. Bxe7 Rxe7 19. Nc5 Rfe8 {[%cal Ga5a4,Ge5f3]} (
19... Bc6 20. f4 $1 (20. a4 bxa4 21. Bxa4 Bxa4 22. Nxa4 Rfe8 23. Kf1 $14 {
[%csl Ra5,Rc7]}) 20... Ng6 21. Rxe7 Nxe7 22. a4 bxa4 23. Bxa4 {[%csl Ra5,Rc7]})
20. Re3 (20. Nxd7 Nf3+ $5 21. gxf3 Rxe1+ 22. Rxe1 Rxe1+ 23. Kg2 a4 24. Bd5 Re2
{[%csl Rb2]}) 20... a4 21. Nxd7 Nxd7 (21... Rxd7 22. f4 Nf3+ 23. Rxf3 axb3 24.
axb3 h6 $14) 22. Bxf7 Rxe3 23. fxe3 Re7 24. Bd5 Rxe3 25. Bc6 Ne5 26. Bxb5 a3
27. bxa3 Rxc3 28. Re1 Rc5 29. a4 $14) (17. Bf4 f6 (17... Nd3 18. Red1 Nxf4 19.
Rxd7 $14 {[%csl Rc7,Re7]}) 18. Bxe5 (18. Rad1 $5) 18... fxe5 19. Rad1 $14 {
[%csl Ge4,Re5] In all lines White is better.}) 17... Bc6 {And again it wasn't
easy to choose where to go with the bishop.} (17... Bf5 18. Bd4 Ng6 19. a4 c6
20. h3 $14) ({In case of} 17... Bxc5 18. Bxc5 Rfe8 19. Bc2 $14 {White is
better thanks to a pair of bishops.}) 18. Bd4 Ng6 (18... Bxc5 {leads to a
stable longterm advantage for White.} 19. Bxc5 Rfe8 20. Bc2 Rad8 21. Bd4 f6 22.
Rad1 $14) 19. g3 {[%cal Gf2f4] White prepares an offensive on the kingside.} ({
During the game I was concerned of} 19. f4 {but Black seems to hold again by
means of} a4 $1 (19... Rae8 $2 {is bad.} 20. f5 Nh4 ({or} 20... a4 21. Bc2 Nh4
22. Rxe7 $1 Rxe7 23. f6 {[%csl Re7,Rf8,Rg7,Rh8]}) 21. Rxe7 Rxe7 22. f6 $18 {
[%csl Re7,Rf8,Rg7,Rh8]}) ({I also didn't like} 19... Bd6 $6 20. f5 Nh4 21. f6
g6 22. Ne4 $16 (22. Re7 {is less dangerous in view of} Kg8)) 20. Bc2 (20. f5
axb3 21. fxg6 (21. Nxb3 Bh4 22. g3 Ne7 23. f6 $1 Bxf6 24. Bxf6 Ng6 $11) 21...
Rxa2) 20... Rfe8 21. f5 Bxc5 $1 (21... Nf8 22. Rad1 $14 (22. Rxe7 {is not
dangerous in view of} Rxe7 23. f6 Re2 $1 24. fxg7+ Kg8 25. gxf8=Q+ Kxf8 $132 {
[%csl Rc2,Rg2] with some counterplay.})) 22. Bxc5 Nh4 $1 {[%csl Rf5,Rg2] and
Black obtains counterplay again.}) 19... a4 $1 {Freeing the king rook from
defense of the f7-pawn.} 20. Bc2 {[%csl Re7][%cal Gc2g6]} Rfe8 21. f4 Bf8 {
[%cal Gg6e7,Gh8g8]} (21... Nf8 $5) 22. Kf2 Kg8 $1 {Bringing the king closer to
the centre.} 23. Rxe8 Rxe8 24. b3 Ra8 {[%cal Ga4b3]} ({White was hoping for} 
24... axb3 25. axb3 $14 {[%cal Ga1a6]}) (24... Rd8 $5 25. bxa4 $140 $2 Bxc5 26.
Bxc5 Rd2+ $19) 25. b4 Bd5 26. Bd3 c6 {Black has almost consolidated the
position. Now only the knight is temporary out of play.} 27. Nd7 $5 {[%cal
Gd7f8,Gd7b6] White wants to exchange one of the bishops.} (27. a3 $5 {[%cal
Ga1c1,Gc3c4] was interesting with the idea of Rc1 followed by c4.}) 27... Rd8
28. Nb6 $6 {White goes for the lightsquared bishop and allows to bring my
knight into play.} (28. Nxf8 $1 {looks better with the idea} Nxf8 {[%cal Gf8e6]
} 29. a3 (29. f5 a3 $1 {[%csl Ra2]}) 29... Ne6 30. Bb6 Rb8 31. Be3 {[%cal
Ga1c1,Gc3c4] preparing c4.}) 28... Ne7 $1 29. Nxd5 (29. f5 $5) 29... Nxd5 30.
Rd1 $1 {White brings a rook and sets a trap.} g6 $138 {[%cal Gf8g7] preparing
an exchange of the darksquared bishops.} (30... Nxb4 $2 {loses to} 31. cxb4
Rxd4 32. Bxh7+ $1 $18 {[%csl Rd4]}) (30... Bxb4 {looks too optimistic though
Black wins three pawn for a sacrificed piece.} 31. cxb4 Nxb4 32. Ke3 $16) 31.
Be2 a3 $1 {Despite the move creates a weakness on a3 it also fixes the a-pawn
on a2 and thus allows Black to create counterplay, although Ehlvest considered
it to be wrong.} 32. Bf3 (32. Be5 $5) 32... Bg7 $1 33. Bxg7 (33. Bxd5 $5 Rxd5 (
33... cxd5 $5) 34. Ke2 $1 Bxd4 35. cxd4 ({The pawn endgame which arises after} 
35. Rxd4 Rxd4 36. cxd4 f5 {is equal. F.e.} 37. Kd3 Kf7 38. d5 cxd5 39. Kd4 Ke6
40. Kc5 d4 41. Kxd4 Kd6 42. h3 h6 43. h4 (43. g4 fxg4 44. hxg4 h5 45. f5 h4 46.
fxg6 Ke6 47. Ke4 Kf6 48. Kf3 Kxg6 49. Kg2 Kh6 50. Kh2 $11) 43... h5 $11)) 33...
Kxg7 34. Bxd5 cxd5 35. Ke3 Kf6 36. Kd4 Rc8 37. Kd3 (37. Rb1 Rc4+ 38. Kd3 d4 39.
cxd4 Ke6 40. Rb3 Kd5 41. Rxa3 Rxd4+ 42. Kc3 Rc4+ 43. Kb3 Re4 44. Ra7 Re3+ 45.
Kc2 Re2+ 46. Kd3 Rxh2 $11) 37... Ke6 (37... d4 $1 {suggested after the game by
Yudasin would equalize immediately.} 38. cxd4 Rc4 39. Rb1 Ke6 40. Rb3 Kd5 $11 {
transposes to 37.Rb1.}) 38. Kc2 Kd6 39. Kb3 Re8 $1 {Instead of protecting the
a3-pawn I decided to activate the rook. I believe that an active rook fully
compensates a pawn here.} ({Also a passive defense was enough for equality.} 
39... f5 $5 40. Rd3 Ra8 41. Re3 h6 42. h3 h5 43. Re5 Rc8 44. g4 fxg4 45. hxg4
h4 46. Rg5 Rh8 47. Rxg6+ Ke7 48. Rg5 h3 49. Re5+ Kd6 50. Re1 h2 51. Rh1 Rh3
$132) 40. Rd3 $1 Re2 41. h4 Rb2+ 42. Kxa3 Rb1 $1 $11 {[%csl Ra3] The king is
traped on a3.} 43. Re3 h5 44. Re5 Rf1 $6 {Since this was the last round game
and a difference between a win and a draw was very big I've decided to sharpen
the position, though objectively it was too late to play for a win.} ({A simple
} 44... f6 $1 45. Re8 (45. Re3 f5 $11) 45... Rg1 46. Re3 Rb1 $11 {was
sufficient for equality.}) 45. Rg5 Rf3 46. Kb2 Rf2+ 47. Kb3 Rf3 48. a3 $5 ({Or
} 48. Kc2 Rf2+ 49. Kd3 Rxa2 50. f5 f6 $1 51. Rxg6 Ke5 $11 {[%cal Ga2g2]}) 48...
Ke6 ({I could also try} 48... d4 $5 {winning back the pawn, but allowing White
to create two connected pawns:} 49. Rxb5 Rxc3+ 50. Kb2 Rxg3 (50... Rc8 {
[%cal Gd4d3]} 51. Rc5) 51. a4 $14) 49. Kc2 Rf2+ $2 {A blackout. I've
completely missed the d4-square! Second tournament in a row with two rounds
per day made their job.} (49... Kd6 $5 {was necessary.} 50. Kd2 Ke6 51. Re5+
Kd6 52. Re3 Rf2+ 53. Kd3 f5 (53... Rg2 54. Rf3) 54. Re8 $1 Rf3+ 55. Kd4 {
[%csl Rd5]} Rxg3 56. Rd8+ Kc6 57. Rxd5 Rf3 58. Rc5+ Kd6 59. Rxb5 Rxf4+ 60. Kd3
Rxh4 61. Rb6+ Kd5 62. Rxg6 (62. c4+ $5 Ke5 (62... Rxc4 $4 63. Rb5+ $18) 63. c5
{and White's pawns look more dangerous.}) 62... Rh3+ 63. Kc2 h4 $132 {and
despite being a pawn down Black has certain compensation.}) 50. Kd3 Rf3+ $2 {
Even here I didn't see the d4-square yet.} 51. Kd4 $18 {I considered only 51.
Kd2. The rest is easy. White picks up the the queenside pawns and wins easily.}
f6 52. Rxg6 Kf7 53. Rh6 Rxg3 54. Rxh5 Rf3 55. Rxd5 Rxf4+ 56. Ke3 Rxh4 57. Rxb5
Kg6 58. a4 f5 59. a5 Kg5 60. a6 Rh3+ 61. Kd4 Rh8 62. a7 Ra8 63. Ra5 Kg4 64. b5
f4 65. b6 f3 66. Ra2 1-0